00724nam a22002297a 450000500170000000800480001702000150006502000180008004100120009804400170011008200140012710000320014124501140017325000180028726000510030530000300035650000190038665000200040565000300042565000170045565000220047220240813105923.0230818b |||||||| |||| 00| 0 eng d RUSSEL a1485135885 a9781485135883 aEnglish cSouth Africa a347.1 DAM aDamaseb, T. PetruslEnglish aCourt-managed civil procedure of the high court of Namibia blaw, procedure and practice /cPetrus T. Damaseb aFirst edition aCape Town :bJuta and Company (pty) Ltd,c2020 b li, 435 pages, c24.3 cm aIncludes index aCivil Procedure aThe high court of Namibia aNamibian Law aCourt management